[Event "FRA-ch Youth U14 2018"]
[Site "Agen"]
[Date "2018.04.21"]
[Round "8"]
[White "Tomasi, Elise"]
[Black "Chemla, Anouk"]
[Result "1-0"]
[WhiteElo "1689"]
[BlackElo "1705"]
[Annotator "NA"]
[PlyCount "132"]
[EventDate "2018.??.??"]
[EventType "swiss"]
[EventCountry "FRA"]
[SourceTitle "playchess.com"]
[Source "ChessBase"]
[SourceQuality "1"]
[TimeControl "5400+30"]

1. d4 {[%emt 0:00:00]} Nf6 {[%emt 0:00:08]} 2. Nf3 {[%emt 0:00:08]} g6 {[%emt 0:00:11]} 3. g3 {[%emt 0:00:18]} d5 {[%emt 0:01:45]} 4. Bg2 {[%emt 0:01:27]} c5 {[%emt 0:01:54]} 5. O-O {[%emt 0:03:36]} Bg7 {[%emt 0:01:15]} 6. dxc5 {[%emt 0:05:32]} Qa5 {[%emt 0:01:37]} 7. c4 {[%emt 0:07:31]} Qxc5 {[%emt 0:05:00]} 8. cxd5 {[%emt 0:02:30]} Nxd5 {[%emt 0:01:29]} 9. e4 {[%emt 0:02:06]} Nb6 {[%emt 0:04:41]} 10. Nc3 {[%emt 0:05:44]} O-O {[%emt 0:02:39]} 11. Be3 {[%emt 0:02:31]} Qb4 {[%emt 0:03:19]} 12. Qc1 {[%emt 0:13:00]} Rd8 {[%emt 0:08:00]} 13. Bxb6 {[%emt 0:13:39]} axb6 {[%emt 0:05:23]} 14. Nd5 {[%emt 0:03:33]} Qd6 {[%emt 0:02:34]} 15. Rd1 {[%emt 0:03:44]} Nc6 {[%emt 0:12:00]} 16. Nxb6 {[%emt 0:04:30]} Qxd1+ {[%emt 0:00:35]} 17. Qxd1 {[%emt 0:00:06]} Rxd1+ {[%emt 0:00:05]} 18. Rxd1 {[%emt 0:00:07]} Rb8 {[%emt 0:01:11]} 19. b3 {[%emt 0:03:41]} h6 {[%emt 0:02:11]} 20. b4 {[%emt 0:06:27]} Be6 {[%emt 0:02:22]} 21. b5 {[%emt 0:01:24]} Na5 {[%emt 0:01:39]} 22. a4 {[%emt 0:01:34]} Nc4 {[%emt 0:03:21]} 23. Nxc4 {[%emt 0:04:56]} Bxc4 {[%emt 0:00:04]} 24. Rd7 {[%emt 0:02:02]} Kf8 {[%emt 0:01:32]} 25. Bh3 {[%emt 0:02:35]} Bb3 {[%emt 0:02:02]} 26. a5 {[%emt 0:01:55]} Ba4 {[%emt 0:03:28]} 27. Bf1 {[%emt 0:00:34]} Bc3 {[%emt 0:01:32]} 28. Rd3 {[%emt 0:04:32]} Rc8 {[%emt 0:02:27]} 29. a6 {[%emt 0:00:46]} bxa6 {[%emt 0:00:31]} 30. bxa6 {[%emt 0:00:31]} Bc2 {[%emt 0:01:33]} 31. Re3 {[%emt 0:02:24]} Bb4 {[%emt 0:04:09]} 32. Re2 {[%emt 0:01:45]} Bd1 {[%emt 0:03:06]} 33. Re3 {[%emt 0:00:16]} Ke8 {[%emt 0:04:31]} 34. Bb5+ {[%emt 0:00:21]} Kf8 {[%emt 0:01:00]} 35. Kg2 {[%emt 0:00:12]} Ra8 {[%emt 0:08:32]} 36. Ne5 {[%emt 0:00:59]} Kg7 {[%emt 0:04:54]} 37. Nc6 {[%emt 0:00:33]} Bc5 {[%emt 0:01:43]} 38. Rc3 {[%emt 0:00:03]} Bd6 {[%emt 0:00:34]} 39. e5 {[%emt 0:00:47]} Bc7 {[%emt 0:00:44]} 40. Nxe7 {[%emt 0:00:40]} Bxe5 {[%emt 0:00:14]} 41. Rc8 {[%emt 0:00:09]} Rxc8 {[%emt 0:01:35]} 42. Nxc8 {[%emt 0:00:02]} Bb3 {[%emt 0:02:28]} 43. Bc6 {[%emt 0:00:10]} Bd4 {[%emt 0:00:27]} 44. a7 {[%emt 0:00:06]} Bxa7 {[%emt 0:00:06]} 45. Nxa7 {[%emt 0:00:01]} f5 {[%emt 0:00:54]} 46. Nb5 {[%emt 0:00:13]} Kf6 {[%emt 0:00:46]} 47. Kf3 g5 {[%emt 0:00:17]} 48. Nd4 {[%emt 0:00:19]} Bd1+ {[%emt 0:00:59]} 49. Ke3 {[%emt 0:00:09]} Ke5 {[%emt 0:00:47]} 50. f4+ {[%emt 0:00:22]} Kf6 {[%emt 0:00:24]} 51. Bd7 {[%emt 0:00:35]} Bg4 {[%emt 0:00:19]} 52. Kf2 {[%emt 0:00:41]} Bh3 {[%emt 0:00:28]} 53. Nf3 {[%emt 0:00:53]} Kg6 {[%emt 0:00:53]} 54. Ng1 {[%emt 0:00:14]} Bg4 {[%emt 0:00:35]} 55. Nf3 {[%emt 0:00:26]} Bh3 {[%emt 0:00:11]} 56. Ne5+ {[%emt 0:00:05]} Kf6 {[%emt 0:00:28]} 57. Bc6 {[%emt 0:00:07]} Ke6 {[%emt 0:00:31]} 58. Bg2 {[%emt 0:00:07]} Bxg2 {[%emt 0:00:25]} 59. Kxg2 {[%emt 0:00:02]} g4 {[%emt 0:00:42]} 60. h3 {[%emt 0:00:07]} h5 {[%emt 0:00:03]} 61. hxg4 {[%emt 0:00:14]} hxg4 {[%emt 0:00:29]} 62. Kf2 {[%emt 0:00:02]} Kd5 {[%emt 0:00:45]} 63. Ke3 {[%emt 0:00:05]} Kc5 {[%emt 0:00:42]} 64. Ng6 {[%emt 0:00:07]} Kd5 {[%emt 0:00:37]} 65. Nh4 {[%emt 0:00:02]} Ke6 {[%emt 0:00:15]} 66. Kd4 {[%emt 0:00:06]} Kf6 {[%emt 0:00:22] Ke4} 1-0

[Event "FRA-ch Youth U14 2018"]
[Site "Agen"]
[Date "2018.04.21"]
[Round "8"]
[White "Sumarriva Paulin, Laura"]
[Black "Moracchini, Margaux"]
[Result "0-1"]
[WhiteElo "1665"]
[BlackElo "1939"]
[Annotator "NA"]
[PlyCount "82"]
[EventDate "2018.??.??"]
[EventType "swiss"]
[EventCountry "FRA"]
[SourceTitle "playchess.com"]
[Source "ChessBase"]
[SourceQuality "1"]
[TimeControl "5400+30"]

1. d4 {[%emt 0:00:00]} d6 {[%emt 0:00:06]} 2. c4 {[%emt 0:00:00]} g6 {[%emt 0:00:07]} 3. Nc3 {[%emt 0:00:01]} Bg7 {[%emt 0:00:10]} 4. Bg5 {[%emt 0:01:11]} h6 {[%emt 0:00:27]} 5. Bh4 {[%emt 0:00:15]} Nd7 {[%emt 0:00:52]} 6. Nf3 {[%emt 0:01:14]} f5 {[%emt 0:00:37] A41: 1 d4 d6: Tartakower System and Modern Defence} (6... g5 7. Bg3 f5 8. e3 e5 9. dxe5 dxe5 10. h4 g4 11. Nd2 h5 12. f3 Nh6 13. Be2 O-O 14. Bf2 {0-1 (36) Jacobsen,M (2370)-Hillarp Persson,T (2563) Helsingor 2015}) 7. e3 {[%emt 0:02:34]} Ngf6 {[%emt 0:00:47]} 8. Be2 {[%emt 0:05:27]} O-O {[%emt 0:00:58]} 9. O-O {[%emt 0:01:56]} c5 $146 {[%emt 0:01:49]} ({Predecessor:} 9... e5 10. h3 c6 11. Qb3 Kh7 12. Rfd1 Re8 {0-1 (47) Yoshioka,H (1759)-Ogata,E (2068) Matinhos 2015}) 10. h3 {[%emt 0:04:03]} b6 {[%emt 0:03:34]} 11. Qc2 {[%emt 0:05:04]} Bb7 {[%emt 0:00:34]} 12. Rad1 {[%emt 0:01:21]} (12. d5 $14) 12... Ne4 {[%emt 0:06:37]} 13. Nd2 {[%emt 0:14:41]} Nxc3 {[%emt 0:08:48]} 14. Qxc3 {[%emt 0:02:09]} f4 {[%emt 0:03:09]} 15. exf4 {[%emt 0:11:35]} Rxf4 {[%emt 0:02:36]} 16. Bg3 {[%emt 0:02:28]} Rxd4 {[%emt 0:04:35]} 17. Qc2 {[%emt 0:01:25]} g5 {[%emt 0:03:17]} 18. Rc1 {[%emt 0:08:22]} Qe8 {[%emt 0:10:35]} 19. Bf3 {[%emt 0:05:27]} d5 {[%emt 0:04:17]} 20. cxd5 {[%emt 0:06:31]} Bxd5 {[%emt 0:01:16]} 21. Nb3 {[%emt 0:00:32]} Bxf3 {[%emt 0:13:19]} 22. Nxd4 {[%emt 0:00:31]} Bxg2 {[%emt 0:05:26]} 23. Kxg2 {[%emt 0:02:03]} Bxd4 {[%emt 0:03:28]} 24. Qc4+ {[%emt 0:03:29]} Kg7 {[%emt 0:00:30]} 25. b3 {[%emt 0:00:53]} e5 {[%emt 0:02:57]} 26. Rfe1 {[%emt 0:01:43]} Nf6 {[%emt 0:01:24]} 27. f3 {[%emt 0:00:52]} Rd8 {[%emt 0:05:04]} 28. Bf2 {[%emt 0:06:07]} Bxf2 {[%emt 0:01:17]} 29. Kxf2 {[%emt 0:00:15]} Rd4 {[%emt 0:01:44]} 30. Qe2 {[%emt 0:01:21]} Qd7 {[%emt 0:03:27]} 31. Qxe5 $17 {[%emt 0:03:23]} Qxh3 {[%emt 0:00:18]} 32. Rcd1 {[%emt 0:03:48]} Rf4 {[%emt 0:01:49]} 33. Rd3 {[%emt 0:02:44]} Kg6 {[%emt 0:02:10]} 34. Qe6 {[%emt 0:01:06]} Qh2+ {[%emt 0:02:00]} 35. Kf1 {[%emt 0:00:56]} g4 {[%emt 0:01:22]} 36. Re2 {[%emt 0:01:13]} Qh1+ {[%emt 0:00:45]} 37. Kf2 {[%emt 0:00:10]} gxf3 {[%emt 0:00:39]} 38. Re1 {[%emt 0:01:00]} Qg2+ {[%emt 0:00:31]} 39. Ke3 {[%emt 0:00:15]} Re4+ {[%emt 0:00:35]} 40. Qxe4+ {[%emt 0:00:30]} Nxe4 {[%emt 0:00:01]} 41. Kxe4 {[%emt 0:00:05]} f2+ {[%emt 0:00:03] Kd4} 0-1

[Event "FRA-ch Youth U14 2018"]
[Site "Agen"]
[Date "2018.04.22"]
[Round "9"]
[White "Bacrot, Alexandre"]
[Black "Lary, Damien"]
[Result "1-0"]
[WhiteElo "2180"]
[BlackElo "2072"]
[Annotator "TA"]
[PlyCount "115"]
[EventDate "2018.??.??"]
[EventType "swiss"]
[EventCountry "FRA"]
[SourceTitle "playchess.com"]
[Source "ChessBase"]
[SourceQuality "1"]

{[%evp 14,114,0,-19,16,23,8,10,24,31,42,9,16,0,-4,-6,17,-56,29,-62,18,14,58,61,96,66,75,72,92,67,56,47,96,47,83,52,908,905,915,399,400,381,393,391,399,380,386,388,436,426,499,501,545,520,765,666,837,854,849,855,811,814,975,962,29974,29972,29994,29995,29995,1579,2405,2374,29962,12838,29976,29973,29984,29979,29985,29986,29986,29987,29987,29988,29996,29988,29988,29989,29989,29990,29991,29992,29993,29994,29994,29995,29995,29989,29994,29995,29998,29999,29999]} 1. d4 Nf6 2. Nf3 d5 3. Bf4 c5 4. e3 Nc6 5. Nbd2 Bf5 6. c3 e6 7. Bb5 {D00: 1 d4 d5: Unusual lines} (7. Be2 Bd6 8. dxc5 Bxc5 9. Nd4 Bg6 10. Qa4 O-O 11. Nxc6 bxc6 12. Qxc6 Rc8 13. Qa4 Re8 14. O-O e5 {0-1 (57) Le,Q (2737)-Ding,L (2777) Riadh 2017}) 7... Qb6 8. Qa4 {LiveBook: 6 Games} Be7 9. dxc5 {The position is equal.} Bxc5 10. b4 Be7 11. Nd4 {[%cal Rd4c6]} Rc8 12. Nxf5 $146 (12. c4 $5 {[%cal Rc4c5]} Bd3 13. c5 Bxb5 14. Nxb5 $14 (14. cxb6 $2 {perishes.} Bxa4 15. Nxc6 Rxc6 $19)) ({Predecessor:} 12. N2b3 O-O 13. Bxc6 bxc6 14. Nxf5 exf5 {½-½ (51) Travesset Ribera,J (2232)-Bru Rullo,L (2140) Barcelona 2015}) 12... exf5 13. O-O O-O 14. Rac1 Ne4 15. Rfd1 {[#]} (15. Nxe4 $11 dxe4 16. Rfd1) 15... Rfd8 ({Black should try} 15... Nxf2 $1 $15 {[%mdl 512]} 16. Kxf2 g5) 16. a3 {[#]} (16. Nxe4 $11 fxe4 17. Be2) 16... Bf6 ({Better is} 16... Nxf2 $1 $15 {[%mdl 512]} 17. Kxf2 g5) 17. Nxe4 $11 fxe4 (17... dxe4 {seems wilder.} 18. Be2 a5 19. Bc4 g5 20. Bg3 Be5) 18. c4 $1 {[%cal Rc4c5]} dxc4 19. Rxd8+ Rxd8 20. Bxc4 Ne5 21. Bxe5 Bxe5 22. Qc2 Qg6 23. h3 Qf5 24. Rd1 $40 {[%cal Rd1d8][%mdl 128] White mounts an attack.} Rc8 $2 {[%mdl 8192]} (24... Rxd1+ $14 25. Qxd1 g6) 25. g4 $18 Qf3 {[#]} 26. Be2 (26. Bxf7+ $142 $1 {[%mdl 512]} Kxf7 (26... Qxf7 27. Qxc8+) 27. Rd7+ Kg6 28. Qxc8) 26... Bh2+ 27. Kxh2 {[%cal Rc2c8]} Qxf2+ 28. Kh1 {[%cal Rc2c8]} Rf8 29. Qd2 Qg3 30. Bf1 Qc7 31. Bg2 Qc4 32. Qd4 Qb3 33. Bxe4 Qxa3 34. Bxb7 Qb3 35. Bd5 Qc2 36. Rf1 Qc7 37. Qc5 Qb8 38. e4 g6 39. Qe7 Qg3 40. Bxf7+ Kg7 41. Qf6+ (41. Bd5+ $142 Kh6 42. Qxf8+ Kg5 {[#]} 43. Rf5+ $1 {[%mdl 512]} gxf5 44. Qxf5+ Kh6 45. Qf6#) 41... Kh6 42. Rf3 Qe1+ 43. Kh2 (43. Kg2 $142 Qd2+ 44. Rf2 Qg5 45. Qd4 Qe7 46. Qe3+ Kg7 47. Bd5 Rxf2+ 48. Qxf2) 43... Qe2+ 44. Rf2 {White mates.} Qxe4 45. g5+ Kh5 46. Bxg6+ hxg6 47. Qxf8 {[%csl Gg5][%cal Rf8h6]} Qe5+ 48. Qf4 Qe6 {[#]} 49. Qg4+ $1 Qxg4 50. hxg4+ {[%mdl 4096] Endgame KR-KPP} Kh4 51. Ra2 a5 52. b5 a4 53. b6 a3 54. b7 Kxg5 55. Rb2 Kh4 56. Rb5 a2 57. b8=Q {[%csl Gh2][%cal Rb8g3]} a1=B 58. Qg3# {Precision: White = 59%, Black = 15%.} 1-0

[Event "FRA-ch Youth U14 2018"]
[Site "Agen"]
[Date "2018.04.22"]
[Round "9"]
[White "Popov, Konstantin"]
[Black "Boulos, Carlos"]
[Result "1-0"]
[WhiteElo "2150"]
[BlackElo "1988"]
[Annotator "TA"]
[PlyCount "141"]
[EventDate "2018.??.??"]
[EventType "swiss"]
[EventCountry "FRA"]
[SourceTitle "playchess.com"]
[Source "ChessBase"]
[SourceQuality "1"]

{[%evp 15,140,32,34,-17,27,19,13,13,33,34,28,43,39,11,31,8,33,30,33,10,16,0,47,49,53,53,53,53,60,58,56,55,66,68,89,70,118,129,291,292,256,288,261,269,269,260,254,256,296,252,234,104,95,70,142,25,39,23,41,41,50,43,421,418,409,402,464,305,666,666,640,623,678,405,365,323,548,577,551,551,537,527,622,610,1029,681,5880,6170,2383,5795,1380,5495,5293,4910,29975,29976,29973,29973,29998,29998,29998,29987,29997,29997,29997,29983,29983,29984,29984,29985,29985,29986,29986,29987,29986,2341,29992,29993,29993,29994,29994,29992,29996,29997,29998,29999,29999]} 1. e4 e5 2. Nf3 Nc6 3. Bb5 a6 4. Ba4 d6 5. c3 g6 6. d4 Bd7 7. d5 {C76: Ruy Lopez: Deferred Steinitz: 5 c3 Bd7 6 d4 g6} (7. dxe5 dxe5 8. O-O Bg7 9. Bg5 f6 10. Be3 Nh6 11. Bc5 Bf8 12. Bxf8 Kxf8 13. Qd2 Nf7 14. Rd1 Be8 15. Qxd8 Ncxd8 16. Bxe8 Kxe8 17. Nbd2 Nd6 18. Ne1 a5 {½-½ (29) Harikrishna,P (2744)-Mamedyarov,S (2799) Riadh 2017}) 7... Nce7 8. Bxd7+ Qxd7 {LiveBook: 12 Games} 9. Be3 $146 (9. c4 $14) ({Find the theoretical novelty and annotate with similar games:} 9. O-O Bg7 10. c4 h6 11. Qb3 b6 12. a4 a5 13. Nc3 f5 14. exf5 gxf5 15. Nb5 Nf6 16. Re1 O-O 17. Nh4 f4 18. Ra3 {½-½ (77) Lobanov,S (2433)-Demchenko,A (2611) Kolomna 2016}) 9... h6 10. Nfd2 f5 {...f4 is the strong threat.} 11. f3 Nf6 12. c4 Bg7 13. Nc3 O-O 14. Qe2 Rf7 15. Rc1 fxe4 16. Ndxe4 Nf5 17. Nxf6+ (17. Qd2 {NOTEXT} Nh5 18. O-O Nf4 19. Ne2 g5 20. b3) 17... Bxf6 18. Ne4 Bg7 19. O-O Raf8 20. Qd2 Kh7 21. b4 Rd8 22. Qd3 Kh8 23. Bf2 g5 24. h3 Bf8 25. Rfd1 Qe7 26. c5 Nh4 $2 (26... Ra8 $16 {might work better.} 27. a3 Kg8) 27. cxd6 $18 cxd6 28. Bb6 Rd7 29. Rc8 Ng6 30. Rdc1 Nf4 31. Qd2 Kh7 32. R1c7 Kg7 {[%cal Rd7c7]} 33. g3 (33. Rc4 $18) 33... Nxh3+ 34. Kg2 g4 $1 {[%cal Rd7c7] [#]} 35. Rc3 ({Better is} 35. Rc4 $1 $16) 35... Ng5 $11 36. Nxg5 hxg5 37. fxg4 Qf6 38. Qe2 $36 {[%mdl 2048] White has some pressure.} Rde7 $2 {[%mdl 8192]} (38... Be7 $14) 39. Bd8 $18 e4 40. Bxe7 Qxe7 41. R8c7 Qe5 $2 (41... Qxc7 42. Rxc7 Rxc7 43. Qxe4 Be7) 42. Rxf7+ Kxf7 {[%mdl 4096] Endgame KQR-KQB} 43. Qf2+ Kg6 44. Rc8 Bg7 45. Qd2 e3 $2 (45... b5 {was worth a try.} 46. Rc1 Bf6) 46. Qd3+ Kh6 {Strongly threatening ...e2.} 47. Rc2 Bf6 48. Re2 Qa1 49. Qxe3 Qd1 50. Qe6 Qd4 51. Qxd6 Kg7 52. Qd7+ Kg6 53. Qf5+ Kg7 54. Re6 Qd2+ 55. Kh3 Qd4 56. d6 Bd8 57. Rg6+ Kh7 58. d7 Qc4 59. Re6+ Kg7 60. Re8 Qc6 61. Qf8+ Kg6 62. Qg8+ Kf6 {[#]} 63. Re6+ $3 {[%mdl 512]} Qxe6 64. Qxd8+ {KQ-KQ} Kf7 65. Qxg5 (65. Qc7 $142 Qh6+ 66. Kg2 Qc6+ 67. Qxc6 bxc6 68. d8=Q Ke6 69. Qxg5 Kd7 70. Qf5+ Kc7 71. g5) 65... Qe1 66. Qd5+ {White mates.} Kg7 67. d8=Q Qf1+ 68. Qg2 Qc1 69. Qxb7+ Kg6 70. Qd6+ Kg5 71. Qbd5# {Precision: White = 55%, Black = 33%.} 1-0

[Event "FRA-ch Youth U14 2018"]
[Site "Agen"]
[Date "2018.04.22"]
[Round "9"]
[White "Bassini, Emile"]
[Black "Boyer, Mahel"]
[Result "1-0"]
[WhiteElo "2021"]
[BlackElo "2208"]
[Annotator "TA"]
[PlyCount "77"]
[EventDate "2018.??.??"]
[EventType "swiss"]
[EventCountry "FRA"]
[SourceTitle "playchess.com"]
[Source "ChessBase"]
[SourceQuality "1"]

{[%evp 19,77,22,11,-19,0,10,14,0,25,29,41,8,13,13,36,36,155,78,85,19,18,18,18,18,18,17,20,10,53,10,93,109,171,169,202,199,204,193,201,192,186,157,150,170,162,83,300,293,331,315,286,187,582,580,587,580,6310,6203,4902,1873]} 1. e4 Nc6 2. Nf3 d6 3. d4 Nf6 4. Nc3 g6 5. h3 Bg7 6. Be3 O-O 7. Qd2 a6 8. a4 e5 {B08: Pirc Defence: Classical System} 9. dxe5 (9. d5 Ne7 10. g4 c6 11. dxc6 bxc6 12. O-O-O d5 13. Nxe5 Be6 14. Bg2 Nxe4 15. Nxe4 dxe4 16. Nd7 Bxd7 17. Qxd7 {0-1 (24) Pogosyan,S (2340)-Gasanov,E (2490) Moscow 2018}) 9... dxe5 10. Qxd8 Rxd8 {LiveBook: 3 Games. The position is equal.} 11. Rd1 $146 ({Find the theoretical novelty and annotate with similar games:} 11. Bc4 Be6 12. Bxe6 fxe6 13. O-O Nd4 14. Rfc1 Nxf3+ 15. gxf3 Kf7 16. Kf1 {1-0 (43) Sukandar,I (2384)-Gong,P (2286) Adelaide 2017}) 11... Be6 12. Ng5 Nd4 13. Rd2 b5 14. Nxe6 fxe6 15. Bd3 {[%cal Ra4b5]} c6 16. O-O Nh5 17. Ne2 Rd7 (17... c5 $14) 18. Ra1 (18. Nc1 $142) 18... Rad8 $16 19. Bxd4 ({White should try} 19. axb5 $16 axb5 20. Rdd1) 19... exd4 $11 20. axb5 axb5 21. Ra6 Rc7 22. Rd1 Kf7 23. Rda1 $36 {[%mdl 2048] White is pushing.} Nf6 24. f4 Rdd7 (24... e5 $11 {remains equal.}) 25. g4 $16 Ne8 (25... Rc8 $16 26. g5 Nh5) 26. e5 $18 g5 {If Black can now play ...gxf4 this consolidates a bit.} 27. Bxh7 gxf4 28. Nxf4 {[#] aiming for Bg6+.} Bxe5 29. Bg6+ Ke7 30. Bxe8 Kxe8 31. Nxe6 Rc8 32. Re1 (32. Ra8 $18 Rxa8 33. Rxa8+ Ke7 34. Nc5) 32... Bg3 $2 (32... d3 $16) 33. Re4 d3 34. cxd3 Kf7 35. Nd4 c5 $2 (35... Be5) 36. Nf5 {White is clearly winning.} Bb8 37. Rh6 {[#] Strongly threatening Rh7+.} Rg8 38. Rh7+ Kf6 39. Rxd7 {Precision: White = 59%, Black = 31%.} 1-0

[Event "FRA-ch Youth U14 2018"]
[Site "Agen"]
[Date "2018.04.22"]
[Round "9"]
[White "Guazzelli, Jean-Baptiste"]
[Black "Cohen Revivo, Shoham"]
[Result "1/2-1/2"]
[WhiteElo "1969"]
[BlackElo "2180"]
[Annotator "TA"]
[PlyCount "34"]
[EventDate "2018.??.??"]
[EventType "swiss"]
[EventCountry "FRA"]
[SourceTitle "playchess.com"]
[Source "ChessBase"]
[SourceQuality "1"]

{[%evp 14,34,-29,-27,-25,-24,11,6,24,20,18,16,16,16,16,16,24,18,20,25,23,23,63]} 1. e4 c5 2. Nc3 e6 3. g3 d5 4. exd5 exd5 5. d4 Nf6 6. Bg2 cxd4 7. Qxd4 Nc6 8. Qd1 {LiveBook: 6 Games} Bb4 {White must now prevent ...d4. B23: Closed Sicilian: Lines without g3} (8... d4 9. Nce2 Bb4+ 10. c3 dxc3 11. Qxd8+ Kxd8 12. bxc3 Bc5 13. Bg5 Kc7 14. Bxf6 gxf6 15. Nf4 Re8+ 16. Kf1 {½-½ (23) Sengupta,D (2466)-Vorobiov,E (2596) Bhubaneswar 2009}) 9. Nge2 O-O {Strongly threatening ...d4.} 10. O-O $1 Bg4 {The position is equal.} 11. h3 Be6 12. Bg5 $146 ({Predecessor:} 12. Kh2 Qd7 13. a3 Bxc3 14. Nxc3 d4 15. Ne2 Bd5 16. f3 {0-1 (41) Hallmann,E (1912)-Werchan,H (2107) Magdeburg 2015}) 12... h6 13. Bxf6 Qxf6 14. Nxd5 Bxd5 15. Qxd5 Qxb2 16. Qb3 Qxb3 17. axb3 g5 1/2-1/2

[Event "FRA-ch Youth U14 2018"]
[Site "Agen"]
[Date "2018.04.22"]
[Round "9"]
[White "Moracchini, Margaux"]
[Black "Randrianarimanana, Alicia"]
[Result "1-0"]
[WhiteElo "1939"]
[BlackElo "1872"]
[Annotator "NA RC"]
[PlyCount "123"]
[EventDate "2018.??.??"]
[EventType "swiss"]
[EventCountry "FRA"]
[SourceTitle "playchess.com"]
[Source "ChessBase"]
[SourceQuality "1"]
[TimeControl "5400+30"]

1. e4 {[%emt 0:00:00]} c5 {[%emt 0:00:05]} 2. c3 {[%emt 0:00:00]} Nf6 {[%emt 0:00:18]} 3. e5 {[%emt 0:00:00]} Nd5 {[%emt 0:00:04]} 4. Bc4 {[%emt 0:00:00]} Nb6 {[%emt 0:00:30]} 5. Bb3 {[%emt 0:00:00]} e6 {[%emt 0:00:59]} 6. Nf3 {[%emt 0:00:28]} Nc6 {[%emt 0:00:36]} 7. O-O {[%emt 0:00:30]} d6 {[%emt 0:00:51]} 8. d4 {[%emt 0:05:07]} cxd4 {[%emt 0:04:38]} 9. cxd4 {[%emt 0:00:07]} Be7 {[%emt 0:18:43]} 10. Nc3 {[%emt 0:02:53]} O-O {[%emt 0:01:52] LiveBook: 4 Games} 11. Qe2 {[%emt 0:03:48]} Nd7 {[%emt 0:01:06] B22: Sicilian: 2 c3} (11... d5 12. Bc2 f5 13. exf6 Bxf6 14. Bf4 Bxd4 15. Bg3 Bf6 16. Rad1 Bd7 17. Nb5 Nb4 18. Bb1 Bxb5 19. Qxb5 {½-½ (52) Petrisor,A (2419)-Meskovs,N (2546) Neustadt an der Weinstrasse 2018}) 12. exd6 $146 {[%emt 0:04:51]} ({Predecessor:} 12. Rd1 d5 13. Bc2 Re8 14. a3 Nf8 15. h4 f5 16. exf6 Bxf6 17. Bf4 a6 18. h5 Bd7 19. Bd6 {1-0 (36) Biro,S (2273)-Solty,L (2116) Hungary 2014}) 12... Bxd6 {[%emt 0:00:08]} 13. Ne4 {[%emt 0:00:39]} Be7 {[%emt 0:01:15]} 14. Rd1 {[%emt 0:10:29]} Nb6 {[%emt 0:12:59]} 15. Ne5 {[%emt 0:19:35]} Nd5 {[%emt 0:07:34]} 16. Rd3 {[%emt 0:07:00]} Qc7 $2 {[%emt 0:18:00]} ({Black should play} 16... f6 $14 17. Nxc6 bxc6) 17. Nxc6 $2 {[%emt 0:04:08]} (17. Rh3 $18 Nxe5 18. Qh5) 17... bxc6 {[%emt 0:00:02]} 18. Rg3 {[%emt 0:01:35]} Nf6 {[%emt 0:03:37]} 19. Nc5 {[%emt 0:02:50]} Bd6 {[%emt 0:00:36]} 20. Rf3 {[%emt 0:06:35]} Bxh2+ {[%emt 0:01:52]} 21. Kh1 {[%emt 0:00:07]} Bd6 $1 {[%emt 0:00:08]} 22. Rxf6 {[%emt 0:01:20]} gxf6 {[%emt 0:00:11]} 23. Bh6 {[%emt 0:00:04]} Kh8 {[%emt 0:03:11]} 24. Qf3 {[%emt 0:02:25]} Be7 {[%emt 0:02:46]} 25. Bxf8 {[%emt 0:00:17]} Bxf8 {[%emt 0:00:00]} 26. Qxf6+ {[%emt 0:00:12]} Bg7 {[%emt 0:00:03]} 27. Qh4 {[%emt 0:00:56]} Qd6 {[%emt 0:01:53]} ({Better is} 27... a5) 28. Rd1 {[%emt 0:00:24]} a5 {[%emt 0:02:30]} 29. Ne4 {[%emt 0:02:40]} Qc7 {[%emt 0:00:06]} 30. Nf6 {[%emt 0:03:18]} h6 {[%emt 0:00:38]} 31. Ne8 {[%emt 0:00:28]} (31. Bc2 $142 Bxf6 32. Qxf6+ Kg8 33. Rd3) 31... Qd7 {[%emt 0:00:26]} 32. Nxg7 {[%emt 0:00:16]} Kxg7 {[%emt 0:00:02]} 33. Rd3 {[%emt 0:00:33]} Qe8 {[%emt 0:03:08]} 34. Rg3+ {[%emt 0:00:17]} Kf8 {[%emt 0:01:19]} 35. Qxh6+ {[%emt 0:00:10]} Ke7 {[%emt 0:00:04]} 36. Qh4+ {[%emt 0:02:33]} Kd7 {[%emt 0:00:01]} 37. Qe4 {[%emt 0:01:48]} Bb7 {[%emt 0:00:37]} 38. Ba4 {[%emt 0:01:18]} Kd8 $2 {[%emt 0:03:52]} (38... Rd8 39. Kg1 Kc8) 39. Qe5 {[%emt 0:01:01]} Kd7 {[%emt 0:01:17]} 40. Kg1 {[%emt 0:01:34]} Qb8 $2 {[%emt 0:01:13]} (40... Rd8 41. Rg7 Qe7) 41. Qf6 {[%emt 0:00:43]} Qf8 {[%emt 0:00:30]} 42. Rg7 {[%emt 0:00:23]} Ke8 {[%emt 0:00:06]} 43. Rh7 {[%emt 0:00:07]} Qe7 {[%emt 0:00:21]} 44. Qe5 {[%emt 0:01:03]} Kd7 {[%emt 0:00:32]} 45. d5 {[%emt 0:00:43]} Ra6 {[%emt 0:04:21]} 46. Qb8 {[%emt 0:01:31]} Ba8 {[%emt 0:01:33]} 47. d6 {[%emt 0:00:38]} Qxd6 {[%emt 0:04:23]} 48. Rxf7+ {[%emt 0:00:10]} Qe7 {[%emt 0:00:26]} 49. Rxe7+ {[%emt 0:00:09]} Kxe7 {[%emt 0:00:00]} 50. Qc7+ {[%emt 0:01:01]} Kf6 {[%emt 0:00:12]} 51. g4 {[%emt 0:00:42]} c5 {[%emt 0:00:09]} 52. Bb5 {[%emt 0:00:35]} Bb7 {[%emt 0:01:05]} 53. Bxa6 {[%emt 0:00:32]} Bxa6 {[%emt 0:00:05]} 54. Qxc5 {[%emt 0:00:06]} Be2 {[%emt 0:00:22]} 55. g5+ {[%emt 0:00:18]} Kf7 {[%emt 0:00:12]} 56. Qxa5 {[%emt 0:00:05]} Bg4 {[%emt 0:00:20]} 57. Qc7+ {[%emt 0:00:32]} Kg6 {[%emt 0:00:11]} 58. Qf4 {[%emt 0:00:03]} Bf5 {[%emt 0:00:07]} 59. Qxf5+ {[%emt 0:00:18]} Kxf5 {[%emt 0:00:26]} 60. a4 {[%emt 0:00:03]} Kxg5 {[%emt 0:00:05]} 61. a5 {[%emt 0:00:00]} Kf5 {[%emt 0:00:33]} 62. a6 {[%emt 0:00:04]} 1-0